000 00351nam a22001457a 4500
003 OSt
005 20220204154350.0
008 220204b |||||||| |||| 00| 0 eng d
020 _a9788131705339
040 _cH U
082 _22ed
_a621.8
100 _aNorton Robert
_929771
245 _aMachine Design An Integrated Approach
942 _2ddc
_cBOOKS
_n0
999 _c29337
_d29337